Wealth through integration : Regional integration and poverty reduction strategies in West Africa (Record no. 117173)

MARC details
000 -LEADER
fixed length control field 00969nam a2200289Ia 4500
003 - CONTROL NUMBER IDENTIFIER
control field OSt
005 - DATE AND TIME OF LATEST TRANSACTION
control field 20220918111918.0
008 - FIXED-LENGTH DATA ELEMENTS--GENERAL INFORMATION
fixed length control field 220915b |||||||| |||| 00| 0 eng d
020 ## - INTERNATIONAL STANDARD BOOK NUMBER
International Standard Book Number 9781461448891 (pbk)
037 ## - SOURCE OF ACQUISITION
Terms of availability Textbook
040 ## - CATALOGING SOURCE
Language of cataloging eng
Original cataloging agency ARTS
Transcribing agency ARTS
041 ## - LANGUAGE CODE
Language code of text/sound track or separate title eng
100 ## - MAIN ENTRY--PERSONAL NAME
Personal name Ayuk Elias T.
9 (RLIN) 11135
245 #0 - TITLE STATEMENT
Title Wealth through integration : Regional integration and poverty reduction strategies in West Africa
260 ## - PUBLICATION, DISTRIBUTION, ETC.
Place of publication, distribution, etc. Ottawa
Name of publisher, distributor, etc. Springer Canada
300 ## - PHYSICAL DESCRIPTION
Extent xxii, 297p.
Dimensions cm.
490 ## - SERIES STATEMENT
Series statement Insight and innovation in international development
650 ## - SUBJECT ADDED ENTRY--TOPICAL TERM
Topical term or geographic name entry element HISTORY
700 ## - ADDED ENTRY--PERSONAL NAME
Personal name Kabore Samuel T.
9 (RLIN) 11136
942 ## - ADDED ENTRY ELEMENTS (KOHA)
Classification part V65:19(XM).P1, Q3
Koha item type Textbook
Source of classification or shelving scheme Colon Classification (CC)

No items available.

Copyright @ Delhi University Library System